American Sitcoms in 3 Minutes Quiz Stats

 Plays Quiz not verified by Sporcle

Challenge
Share
Tweet
Embed
Score 0/144 Timer 03:00
0 Plays Today
TV Sitcom % Correct
Friends
80.5%
Cheers
78.4%
All in the Family
76.6%
Seinfeld
76.3%
I Love Lucy
68.4%
Family Ties
67.9%
Happy Days
66.8%
M*A*S*H
66.6%
Family Guy
66.1%
Family Matters
65.3%
The Jeffersons
64.7%
Full House
62.6%
The Mary Tyler Moore Show
61.1%
The Cosby Show
60.3%
Laverne and Shirley
59.5%
The Brady Bunch
58.9%
Roseanne
58.9%
The Dick van Dyke Show
56.3%
Frasier
55.5%
Maude
55.5%
Three's Company
53.4%
Bewitched
53.2%
The King of Queens
52.9%
Hogan's Heroes
52.6%
Taxi
51.3%
227
50.5%
The Simpsons
50.5%
Everybody Loves Raymond
50.3%
The Hogan Family
50%
American Dad
48.7%
King of the Hill
47.4%
Sister, Sister
47.1%
Here's Lucy
46.8%
Growing Pains
46.3%
The Donna Reed Show
46.1%
Who's the Boss?
45.5%
How I Met Your Mother
45.3%
George Lopez
44.7%
Sanford and Son
44.2%
The Lucy Show
43.9%
Married with Children
42.4%
Grace Under Fire
41.3%
The Burns and Allen Show
40.5%
Diff'rent Strokes
40%
A Different World
39.2%
Green Acres
37.9%
I Dream of Jeannie
37.9%
The Love Boat
37.4%
TV Sitcom % Correct
Boy Meets World
35.8%
Mad About You
35.8%
Two and a Half Men
35.5%
Get Smart
35.3%
Gomer Pyle U.S.M.C.
33.9%
Monk
33.7%
Petticoat Junction
33.4%
The Golden Girls
32.1%
Good Times
32.1%
3rd Rock From the Sun
30.3%
Reba
28.7%
The Steve Harvey Show
28.7%
Moesha
27.6%
My Three Sons
26.3%
The Flintstones
24.2%
The Office
23.9%
Newhart
23.4%
Home Improvement
22.9%
Scrubs
22.6%
Wings
22.4%
The Fresh Prince of Bel Air
21.8%
According to Jim
20.3%
Will & Grace
20.3%
Leave it to Beaver
18.2%
Designing Women
16.1%
Yes, Dear
16.1%
One Day at a Time
15.8%
Amen
15.5%
The Facts of Life
15%
South Park
15%
Saved by the Bell: The New Class
14.5%
Step by Step
14.2%
The Andy Griffith Show
13.9%
Night Court
13.9%
The Bob Newhart Show
13.7%
Malcolm in the Middle
13.2%
Coach
12.9%
The Beverly Hillbillies
12.6%
Daria
12.6%
That 70s Show
12.4%
The Nanny
12.1%
Alice
11.6%
Empty Nest
11.3%
Murphy Brown
11.3%
Futurama
10.8%
Perfect Strangers
10.5%
Sabrina the Teenage Witch
10.3%
Dharma & Greg
9.5%
TV Sitcom % Correct
The Drew Carey Show
9.5%
Make Room For Daddy
9.2%
The Odd Couple
9.2%
Barney Miller
8.9%
Becker
8.9%
That Girl
8.9%
Charles in Charge
8.4%
Family Affair
8.4%
Father Knows Best
8.4%
The Adventures of Ozzie and Harriet
7.9%
Silver Spoons
7.9%
Kate & Allie
7.6%
Mister Ed
7.6%
Spin City
7.6%
Benson
7.4%
It's Always Sunny in Philadelphia
7.4%
Just Shoot Me
7.4%
Gimme a Break
7.1%
Martin
7.1%
The Bernie Mac Show
6.6%
Hangin With Mr. Cooper
6.6%
The Larry Sanders Show
6.6%
Hazel
6.3%
It's a Living
6.3%
Brothers
6.1%
Too Close for Comfort
6.1%
Living Single
5.8%
Mr. Belvedere
5.8%
Room 222
5.8%
December Bride
5.5%
The Doris Day Show
5.5%
Dream On
5.5%
Girlfriends
5.5%
The Goldbergs
5.5%
Hang Time
5.5%
The Jamie Foxx Show
5.5%
Reno 911
5.5%
Bachelor Father
5.3%
Cousin Skeeter
5.3%
Head of the Class
5.3%
Home Movies
5.3%
The Life of Riley
5.3%
The Parkers
5.3%
The Stu Erwin Show
5.3%
Sex and the City
3.4%
Webster
2.1%
Mama's Family
1.8%
Desperate Housewives
1.1%

You're not logged in!

Compare scores with friends on all Sporcle quizzes.
OR
Log In

You Might Also Like...

Show Comments

Extras

Created May 11, 2010ReportNominate
Tags:3 Minutes, America, minute

Top Quizzes Today


Score Distribution

Your Account Isn't Verified!

In order to create a playlist on Sporcle, you need to verify the email address you used during registration. Go to your Sporcle Settings to finish the process.

Report this User

Report this user for behavior that violates our Community Guidelines.

Details: